Negotiation strategies and tactics

Charakteristika vyjednávania. Vyjednávacie stratégie a taktiky. Rozdeľujúce a zjednocujúce vyjednávanie. Cieľ a metodológia. Výsledky a diskusia.

Na minha lista:
Detalhes bibliográficos
Autor principal: Olexová, Cecília, 1976-
Outros Autores: Bašistová, Alena
Formato: Capítulo de Livro
Idioma:inglês
Assuntos:
Tags: Adicionar Tag
Sem tags, seja o primeiro a adicionar uma tag!

MARC

LEADER 00000nla$a2200000$$$4500
001 0120564
005 20240502072346.1
041 0 |a eng 
044 |a SK 
245 1 0 |a Negotiation strategies and tactics  |c Cecília Olexová, Alena Bašistová 
520 |a Charakteristika vyjednávania. Vyjednávacie stratégie a taktiky. Rozdeľujúce a zjednocujúce vyjednávanie. Cieľ a metodológia. Výsledky a diskusia. 
610 2 0 |a vyjednávanie 
610 2 0 |a metodológia 
610 2 0 |a komunikácia 
100 1 |a Olexová, Cecília, 1976- 
700 1 |a Bašistová, Alena